000 00361nam a2200157Ia 4500
003 Ost
005 20260225132541.0
008 260225s9999||||xx |||||||||||||| ||und||
040 _cfsic
041 _afre
082 _a70.4
100 _aPascal fanery
_eAuteur
245 0 _aRéaliser un journal d'information /
245 0 _cPascal fanery
942 _cكتاب
999 _c33509
_d33509